ბათუმის შოთა რუსთაველის სახელმწიფო უნივერსიტეტის ბიბლიოთეკა

Новая и новейшая история стран Европы и Америки : (ბიბ.ჩანაწერი № 35162)

000 -LEADER
fixed length control field 00898nam a2200217Ia 4500
001 - CONTROL NUMBER
control field 1005
003 - CONTROL NUMBER IDENTIFIER
control field GE_BSU
005 - DATE AND TIME OF LATEST TRANSACTION
control field 20220920111725.0
008 - FIXED-LENGTH DATA ELEMENTS--GENERAL INFORMATION
fixed length control field 181216s2000||||rus|||||||||||||| ||ru ||
020 ## - INTERNATIONAL STANDARD BOOK NUMBER
International Standard Book Number 5691003461(II)
040 ## - CATALOGING SOURCE
Transcribing agency GE_BSU
080 ## - UNIVERSAL DECIMAL CLASSIFICATION NUMBER
Universal Decimal Classification number 94(4)
100 ## - MAIN ENTRY--PERSONAL NAME
Personal name Пономарев, М.В.
9 (RLIN) 14634
245 ## - TITLE STATEMENT
Title Новая и новейшая история стран Европы и Америки :
Remainder of title 2.Европейская индустриальная цивилизация в XIX веке."Закат европы /
Statement of responsibility, etc. М.В. Пономарев, С.Ю. Смирнова.
264 ## - PRODUCTION, PUBLICATION, DISTRIBUTION, MANUFACTURE, AND COPYRIGHT NOTICE
Place of production, publication, distribution, manufacture Москва :
Name of producer, publisher, distributor, manufacturer Владос,
Date of production, publication, distribution, manufacture, or copyright notice 2000.
300 ## - PHYSICAL DESCRIPTION
Extent 288 стр.
653 ## - INDEX TERM--UNCONTROLLED
keyword Новая и новейшая история стран Европы и Америки.
653 ## - INDEX TERM--UNCONTROLLED
keyword ისტორია
700 ## - ADDED ENTRY--PERSONAL NAME
Personal name Смирнова, С.Ю.
Relator term ავტორი
9 (RLIN) 14636
942 ## - ADDED ENTRY ELEMENTS (KOHA)
Koha item type წიგნი
Source of classification or shelving scheme
ეგზემპლარები
Withdrawn status Lost status Source of classification or shelving scheme Damaged status Not for loan Permanent Location Current Location Shelving location Date acquired Cost, normal purchase price Full call number Barcode Date last seen Copy number Price effective from Koha item type Public note
          ბათუმის შოთა რუსთაველის სახელმწიფო უნივერსიტეტის მთავარი ბიბლიოთეკა ბათუმის შოთა რუსთაველის სახელმწიფო უნივერსიტეტის მთავარი ბიბლიოთეკა წიგნსაცავი 2018-12-17 10.00 94(4) П-56 853 2018-12-17 853 2018-12-17 წიგნი 10 ლ.